Giải pháp gia cố khung kho Tiệp xây dựng ở vùng bão Việt Nam

Na minha lista:
Detalhes bibliográficos
Formato: Livro
Idioma:Undetermined
Publicado em: Hà Nội Xây Dựng 1999
Assuntos:
Tags: Adicionar Tag
Sem tags, seja o primeiro a adicionar uma tag!
Thư viện lưu trữ: Trung tâm Học liệu Trường Đại học Cần Thơ
LEADER 00564nam a2200169Ia 4500
001 CTU_36784
008 210402s9999 xx 000 0 und d
020 |b 6.000đ 
082 |a 624.1773 
082 |b Gi103 
245 0 |a Giải pháp gia cố khung kho Tiệp xây dựng ở vùng bão Việt Nam 
260 |a Hà Nội 
260 |b Xây Dựng 
260 |c 1999 
650 |a concrete construction,structural analysis ( engineering ),structural frames 
904 |i Minh, 000605 
980 |a Trung tâm Học liệu Trường Đại học Cần Thơ